Seeds and world agricultural progress / (Record no. 11292)

000 -LEADER
fixed length control field 00440cam a2200157Ia 4500
020 ## - INTERNATIONAL STANDARD BOOK NUMBER
ISBN 0890680884
040 ## - CATALOGING SOURCE
Transcribing agency AGL
082 ## - DEWEY DECIMAL CLASSIFICATION NUMBER
Classification number 338 NAT 1987
100 1# - MAIN ENTRY--AUTHOR NAME
Personal name McMullen, Neil.
245 10 - TITLE STATEMENT
Title Seeds and world agricultural progress /
260 ## - PUBLICATION, DISTRIBUTION, ETC. (IMPRINT)
Place of publication Washington, D.C. :
Name of publisher National Planning Association,
Year of publication c1987.
300 ## - PHYSICAL DESCRIPTION
Number of Pages viii, 263 p. :
Other physical details ill., map ;
Dimensions 22 cm.
650 #0 - SUBJECT ADDED ENTRY--TOPICAL TERM
Topical Term Seed industry and trade.
650 #0 - SUBJECT ADDED ENTRY--TOPICAL TERM
Topical Term Seed technology.
942 ## - ADDED ENTRY ELEMENTS (KOHA)
Koha item type សៀវភៅភាសាអង់គ្លេស
952 ## - LOCATION AND ITEM INFORMATION (KOHA)
Withdrawn status [LOCAL, KOHA] 0
Holdings
Permanent Location Date acquired Koha item type Lost status Shelving location Barcode Current Location Full call number
Library Block A2017-07-29សៀវភៅភាសាអង់គ្លេស A068A22273Library Block A338 NAT 1987 A068 Or.
មជ្ឈមណ្ឌលឯការនៃសាកលវិទ្យាល័យភូមិន្ទកសិកម្មចំការដូង

Powered by Koha